[Event "III Corporation Cup A"]
[Site "Izhevsk RUS"]
[Date "2011.07.24"]
[Round "9"]
[White "Arzamastsev,A"]
[Black "Vorobjev,D"]
[Result "1/2-1/2"]
[WhiteElo "2165"]
[BlackElo "2202"]

1.d4 Nf6 2.c4 g6 3.Nc3 Bg7 4.e4 O-O 5.Nf3 d6 6.Be2 e5 7.Be3 Ng4 8.Bg5 f6
9.Bh4 g5 10.Bg3 Nh6 11.h3 exd4 12.Nxd4 f5 13.Nxf5 Nxf5 14.exf5 Bxf5 15.O-O Nc6
16.c5 dxc5 17.Qb3+ Kh8 18.Qxb7 Nd4 19.Bc4 c6 20.Qc7 Be6 21.Bxe6 Qxc7 22.Bxc7 Nxe6
23.Bd6 Rfd8 24.Rad1 Bd4 25.Bg3 Kg7 26.Rfe1 Kf7 27.Re4 Rd7 28.Rde1 Re8 29.Na4 Ng7
30.Rxe8 Nxe8 31.Rc1 Rd5 32.Kf1 Nf6 33.f3 Nd7 34.Rc2 Nb6 35.Nc3 Bxc3 36.Rxc3 Rd2
37.Rxc5 Rxb2 38.Ra5 Nd5 39.Rxa7+ Ke6 40.Bf2 Rb1+ 41.Be1 Nf4 42.Ra4 Nd3 43.Re4+ Kd5
44.g3 c5 45.a4 c4 46.a5 c3 47.a6 Nxe1 48.Ra4 Nc2+ 49.Ke2 Rb8 50.a7 Ra8 51.Kd3 Ne1+
52.Kxc3 Nxf3 53.Kd3 Ne5+ 54.Ke3 Nc6 55.Kf3 h5 56.h4 g4+ 57.Kf4 Rxa7 58.Rxa7 Nxa7
59.Kg5 Ke4 60.Kxh5 Kf3 61.Kg6 Nc6 62.h5 Ne7+ 63.Kf6 Ng8+ 64.Kg7 Ne7 65.Kf6 Ng8+
66.Kg7 Nh6 67.Kxh6 Kxg3 68.Kg7 Kf4 69.h6 g3 70.h7 g2 71.h8=Q g1=Q+ 72.Kh7 Qb1+
73.Kg8 Qb3+ 74.Kh7 Qd3+ 75.Kg8 Qd5+ 76.Kh7 Qf5+ 77.Kg8 Qe6+ 78.Kh7  1/2-1/2

[Event "III Corporation Cup A"]
[Site "Izhevsk RUS"]
[Date "2011.07.24"]
[Round "9"]
[White "Aleksandrov,A"]
[Black "Kokarev,Dm"]
[Result "0-1"]
[WhiteElo "2609"]
[BlackElo "2596"]

1.d4 Nf6 2.c4 g6 3.Nc3 Bg7 4.e4 d6 5.Be2 O-O 6.Nf3 Na6 7.O-O e5 8.Be3 Ng4
9.Bg5 Qe8 10.dxe5 dxe5 11.Qb3 Kh8 12.Qa3 f6 13.Bh4 c5 14.Nd5 b6 15.Ne1 Nh6
16.Nc2 Ng8 17.Nce3 Ne7 18.Bd1 Nc6 19.Ba4 Bb7 20.Bg3 Rc8 21.h4 Nab8 22.h5 f5
23.f4 exf4 24.Rxf4 fxe4 25.Rxf8+ Qxf8 26.Rf1 Qd8 27.Rf7 Ba8 28.Bxb8 Rxb8
29.Bxc6 Bxc6 30.Rxg7 Kxg7 31.Qc3+ Kf7 32.Qe5 Bxd5 33.cxd5 Rb7 34.Ng4 gxh5
35.Nh6+ Kg6 36.Qe6+ Qf6 37.Qc8 Rg7 38.Ng8 Qd4+ 39.Kh1 Qd1+ 40.Kh2 Qxd5 41.Qe8+ Kg5  0-1

[Event "ch-AUT"]
[Site "Linz AUT"]
[Date "2011.07.24"]
[Round "2"]
[White "Danner,G"]
[Black "Wiedermann,D"]
[Result "1-0"]
[WhiteElo "2401"]
[BlackElo "2209"]

1.d4 Nf6 2.Nf3 g6 3.c4 Bg7 4.Nc3 O-O 5.e4 d6 6.Be2 e5 7.d5 a5 8.O-O Na6 9.Qc2 Nh5
10.Ne1 Nf4 11.Bf3 Nc5 12.Be3 b6 13.Kh1 f5 14.g3 Nh3 15.exf5 gxf5 16.Bg2 f4
17.Bxc5 bxc5 18.Ne4 Ng5 19.Nxg5 Qxg5 20.Be4 fxg3 21.hxg3 Qh5+ 22.Kg1 Bh3
23.Ng2 Rf6 24.Rae1 Raf8 25.Re3 Bxg2 26.Bxg2 Rh6 27.Rfe1 e4 28.Qxe4 Bd4 29.Rf3 Rxf3
30.Qxf3 Qxf3 31.Bxf3 Rf6 32.Kg2 Bxb2 33.Bg4 Kg7 34.f4 a4 35.Bh5 Kh6 36.Bd1 Kg6
37.Bxa4 Rf8 38.Be8+ Kf6 39.a4 Bc3 40.Re3 Bd2 41.Re2 Bc3 42.Kf3 Kg7 43.Re3 Bd2
44.Re7+ Kf6 45.Re6+ Kg7 46.Kg4 Bc3 47.Kg5 Bf6+ 48.Kh5 Bc3 49.Re7+ Kf6 50.Re3 Bd2
51.Re2 Bc3 52.g4 Kg7 53.Re3 Bd2 54.Re7+ Kf6 55.Re6+ Kg7 56.f5 Bc3 57.Bd7 Rf7
58.Re3 Bd4 59.f6+ Bxf6 60.Be8 Rf8 61.a5 Be5 62.Bc6 Rf2 63.a6 Kf6 64.Rh3 Ra2
65.Bb7 Bf4 66.g5+ Kf5 67.Bc8+ Ke5 68.Kh6 Ra4 69.Rh5 Rxc4 70.Kxh7 Bxg5 71.Rxg5+ Kf6
72.Rg4  1-0

[Event "COQ Invitational"]
[Site "Montreal CAN"]
[Date "2011.07.24"]
[Round "3"]
[White "Arencibia Rodriguez,W"]
[Black "Bojkov,D"]
[Result "1-0"]
[WhiteElo "2476"]
[BlackElo "2544"]

1.d4 Nf6 2.c4 g6 3.Nc3 Bg7 4.e4 d6 5.Nf3 O-O 6.Be2 Na6 7.O-O e5 8.Be3 Ng4
9.Bg5 Qe8 10.dxe5 dxe5 11.Qc1 c6 12.Rd1 f6 13.Bd2 f5 14.h3 Nf6 15.exf5 gxf5
16.Bh6 e4 17.Nh4 Bxh6 18.Qxh6 Qe7 19.c5 Qxc5 20.Rac1 Qe5 21.Bc4+ Be6 22.Rd7 Rf7
23.Bxe6 Qxe6 24.Qg5+ Kh8 25.Rxf7 Qxf7 26.Nxf5 Rg8 27.Qe3 Qg6 28.Ng3 Re8 29.Rd1 Nb4
30.Rd6 Nfd5 31.Qd4+ Qg7 32.Qxg7+ Kxg7 33.Ncxe4 Nxa2 34.Rd7+ Kg6 35.Rxb7 a5
36.Rd7 Nab4 37.Rd6+ Kf7 38.f3 a4 39.Nf5 Ra8 40.Nd4 Ra6 41.Rd7+ Kg8 42.Nc5 Ra5
43.Nce6 Ra8 44.Nf5 Re8 45.Nh6+ Kh8 46.Rg7  1-0

[Event "98th ch-GBR"]
[Site "Sheffield ENG"]
[Date "2011.07.24"]
[Round "1.27"]
[White "Shaw,P"]
[Black "De Coverly,R"]
[Result "1-0"]
[WhiteElo "2162"]
[BlackElo "2080"]

1.d4 Nf6 2.c4 g6 3.Nc3 Bg7 4.e4 d6 5.Nf3 O-O 6.Be2 e5 7.Be3 exd4 8.Nxd4 Re8
9.f3 Nc6 10.O-O Nh5 11.Qd2 Nf4 12.Rfd1 Nxd4 13.Bxd4 Bxd4+ 14.Qxd4 Nxe2+ 15.Nxe2 b6
16.Nc3 Bb7 17.Nd5 Bxd5 18.cxd5 Qg5 19.Rac1 Re7 20.Qd2 Qh5 21.Rc4 f5 22.exf5 Qxf5
23.Qc2 Qxc2 24.Rxc2 Rf8 25.Rdc1 Rff7 26.b4 Kf8 27.Kf2 Ke8 28.Re2 Kd8 29.Rxe7 Rxe7
30.Rc4 Re5 31.Rd4 a6 32.f4 Re7 33.g4 Kd7 34.Kf3 Re1 35.Rd3 Rf1+ 36.Ke4 Rf2
37.Rh3 Re2+ 38.Kd4 Re7 39.Re3 Rf7 40.Rf3 c5+ 41.dxc6+ Kxc6 42.a4 d5 43.f5 gxf5
44.Rxf5 Rd7 45.Rf6+ Kc7 46.Rh6 Rf7 47.Kxd5 Rd7+ 48.Ke5 Re7+ 49.Re6 Rg7 50.h3 Rf7
51.g5 a5 52.b5 Rd7 53.h4 Kb7 54.h5 Rc7 55.Kf6 Rc4 56.Re7+ Kb8 57.Rxh7 Rxa4
58.g6 Rg4 59.g7 a4 60.Rh8+  1-0

[Event "Sparkassen Open A"]
[Site "Dortmund GER"]
[Date "2011.07.26"]
[Round "4.44"]
[White "Elefteriadis,P"]
[Black "Baerwolf,S"]
[Result "1/2-1/2"]
[WhiteElo "1905"]
[BlackElo "1818"]

1.d4 Nf6 2.c4 g6 3.Nc3 Bg7 4.e4 d6 5.Nf3 O-O 6.Be2 Nbd7 7.O-O e5 8.Be3 Ne8
9.Rc1 f5 10.dxe5 dxe5 11.Ng5 f4 12.Ne6 Qh4 13.Nxf8 Bxf8 14.Bd2 Ndf6 15.Be1 Bc5
16.Kh1 g5 17.f3 Qh5 18.Nd5 Be6 19.Nxf6+ Nxf6 20.Bf2 Bxf2 21.Rxf2 g4 22.fxg4 Bxg4
23.h3 Qh4 24.Kg1 Be6 25.Bf3 Kf7 26.Rd2 Rg8 27.Kf1 Qg5 28.Ke2 Ke7 29.Kd3 Qg6
30.Qe2 Rd8+ 31.Kc2 Rxd2+ 32.Kxd2 Bd7 33.Re1 Bc6  1/2-1/2

[Event "4th Paleohora Open"]
[Site "Paleochora GRE"]
[Date "2011.07.26"]
[Round "8"]
[White "Guramishvili,S"]
[Black "Can,E"]
[Result "1-0"]
[WhiteElo "2329"]
[BlackElo "2498"]

1.c4 g6 2.Nc3 Nf6 3.e4 d6 4.d4 Bg7 5.Be2 O-O 6.Be3 e5 7.Nf3 Ng4 8.Bg5 f6
9.Bh4 g5 10.Bg3 Nh6 11.dxe5 dxe5 12.Qc2 Be6 13.Rd1 Qe7 14.Nd5 Qf7 15.h3 Nc6
16.a3 Kh8 17.b4 Rad8 18.O-O g4 19.hxg4 Bxg4 20.b5 Bxf3 21.Bxf3 Nd4 22.Rxd4 exd4
23.Bxc7 Rd7 24.Bf4 f5 25.g3 fxe4 26.Bxe4 Ng4 27.Kg2 h6 28.Rh1 b6 29.Qd2 Qe6
30.Bb1 Kg8 31.Re1 Qf7 32.Qd3 Bh8 33.f3 Ne3+ 34.Nxe3 dxe3 35.Qxe3 Bd4 36.Qe4 Bc3
37.Re2 Qf6 38.Qc6 Rg7 39.Bxh6 Re7 40.Rxe7  1-0

[Event "98th ch-GBR"]
[Site "Sheffield ENG"]
[Date "2011.07.26"]
[Round "2.5"]
[White "Gordon,S"]
[Black "Bates,Ri"]
[Result "1-0"]
[WhiteElo "2533"]
[BlackElo "2373"]

1.d4 Nf6 2.c4 g6 3.Nc3 Bg7 4.e4 d6 5.Nf3 O-O 6.Be2 e5 7.Be3 Na6 8.O-O Ng4
9.Bg5 Qe8 10.h3 h6 11.Bc1 exd4 12.Nxd4 Nf6 13.Bd3 Nc5 14.Re1 Nxd3 15.Qxd3 Nd7
16.Be3 Nc5 17.Qc2 Ne6 18.Rad1 Nxd4 19.Bxd4 Be6 20.b3 Qe7 21.Bxg7 Kxg7 22.Re3 Rae8
23.Qd2 a6 24.f4 Qh4 25.Rf1 f5 26.e5 dxe5 27.Rxe5 Bf7 28.Rfe1 Rxe5 29.Rxe5 Rd8
30.Qe3 Rd7 31.Nd5 Bxd5 32.cxd5 Kf7 33.Kh2 Qd8 34.Qc5 Rd6 35.b4 c6 36.dxc6 Rxc6
37.Qe3 Qd7 38.b5 Re6 39.Qb3 Kf6 40.Rd5 Qc7 41.Qb2+ Kf7 42.Qd2 Qc4 43.bxa6 bxa6
44.Rd4 Re2 45.Rd7+ Re7 46.Rd8 g5 47.fxg5 hxg5 48.Rd6 Qf4+ 49.Qxf4 gxf4 50.Rxa6 Re2
51.Kg1 Kg7 52.a4 Ra2 53.a5 Kh7 54.Ra8 Kg7 55.a6 Kf7 56.a7 Kg7 57.Kf1 Ra1+
58.Ke2 Ra3 59.Kd2 Ra2+ 60.Kc3 Ra3+ 61.Kb4 Ra1 62.Kc5 Ra2 63.Kd6 Ra5 64.Ke6 Ra3
65.Ke5  1-0

[Event "XXXVII Open"]
[Site "Sitges ESP"]
[Date "2011.07.26"]
[Round "5"]
[White "Getz,N"]
[Black "Oratovsky,M"]
[Result "1/2-1/2"]
[WhiteElo "2385"]
[BlackElo "2521"]

1.d4 Nf6 2.c4 d6 3.Nf3 g6 4.Nc3 Nbd7 5.e4 e5 6.Be2 Bg7 7.O-O O-O 8.Be3 Re8
9.Qc2 Ng4 10.Bg5 f6 11.Bd2 c6 12.d5 c5 13.Qc1 f5 14.Ng5 Ndf6 15.exf5 gxf5
16.f3 Nh6 17.Ne6 Bxe6 18.Bxh6 Bxh6 19.Qxh6 Bd7 20.g4 Kh8 21.Kh1 Rg8 22.Bd3 Rg6
23.Qh4 Qf8 24.g5 Ng8 25.f4 Re8 26.Rae1 Qg7 27.Qf2 h6 28.fxe5 dxe5 29.Bxf5 Rf8
30.Qc2 Bxf5 31.Rxf5 Rxf5 32.Qxf5 Rxg5 33.Qf2 Nf6 34.Ne4 Nxe4 35.Rxe4 Qg6
36.Qf8+  1/2-1/2

[Event "TCh-POR 1st Div"]
[Site "Torres Vedras POR"]
[Date "2011.07.26"]
[Round "4.1"]
[White "Viela,A"]
[Black "Luch,M"]
[Result "0-1"]
[WhiteElo "2241"]
[BlackElo "2413"]

1.d4 Nf6 2.Nf3 g6 3.c4 Bg7 4.Nc3 O-O 5.e4 d6 6.Be2 e5 7.O-O Na6 8.Bg5 h6
9.Bxf6 Qxf6 10.Nd5 Qd8 11.dxe5 dxe5 12.Rc1 c6 13.Ne3 Nc5 14.Qc2 a5 15.Rfd1 Qe7
16.Nd2 f5 17.f3 h5 18.Kf1 Bh6 19.Qc3 Nxe4 20.Qb3 Qc5 21.f4 exf4  0-1

[Event "TCh-POR 1st Div"]
[Site "Torres Vedras POR"]
[Date "2011.07.26"]
[Round "4.3"]
[White "Appel,R"]
[Black "Strikovic,A"]
[Result "0-1"]
[WhiteElo "2522"]
[BlackElo "2573"]

1.d4 d6 2.Nf3 Nf6 3.c4 g6 4.Nc3 Bg7 5.e4 O-O 6.Be2 e5 7.O-O Nbd7 8.Be3 Ng4
9.Bg5 f6 10.Bh4 c6 11.Qc2 h5 12.h3 Nh6 13.dxe5 dxe5 14.b4 Re8 15.Rad1 Qe7
16.c5 Nf8 17.Nd2 Ne6 18.Bc4 Kh7 19.Nb3 g5 20.Bg3 h4 21.Bh2 g4 22.hxg4 Nxg4
23.Nd5 Qf7 24.Ne3 Nxe3 25.fxe3 Qh5 26.Rf5 Ng5 27.Be2 Qh6 28.Bg4 Kh8 29.Na5 Bxf5
30.Bxf5 Re7 31.Nc4 Rg8 32.Qe2 Bf8 33.Kh1 Reg7 34.Nd6 Bxd6 35.cxd6 Rd8 36.d7 Nf7
37.a4 a6 38.Rd3 Qg5 39.Qf3 Nh6 40.Be6 Re7 41.Bh3 Kg7 42.Rd2 Qg6 43.Bg1 Qf7
44.Qd1 Qc4 45.Qb1 Nf7 46.Bf2 Ng5 47.Bf5 h3 48.gxh3 Nf3 49.Rd3 Kf8 50.Kg2 Ng5
51.Rd2 Rg7 52.Bg3 Ke7 53.Kf2 Nf7 54.b5 Nd6 55.bxc6 bxc6 56.Qd1 Nxe4+ 57.Bxe4 Qxe4
58.Qb3 Qf5+ 59.Kg2 Qg5 60.Qb4+ Kf7 61.Qc4+ Kf8 62.Rf2 Qxg3+ 63.Kf1 Qxh3+  0-1

[Event "Open NK"]
[Site "Dieren NED"]
[Date "2011.07.27"]
[Round "8"]
[White "Vosselman,J"]
[Black "Van Meegen,R"]
[Result "1/2-1/2"]
[WhiteElo "2112"]
[BlackElo "1947"]

1.d4 Nf6 2.c4 g6 3.Nc3 Bg7 4.e4 d6 5.Nf3 O-O 6.Be2 e5 7.d5 Nh5 8.h3 Nf4 9.Bf1 f5
10.exf5 gxf5 11.g3 Ng6 12.h4 Bf6 13.h5 Nh8 14.Be3 Qe7 15.Be2 c5 16.Qc2 Nf7
17.O-O-O Na6 18.a3 Kh8 19.Nh4 Bxh4 20.Rxh4 Bd7 21.Rhh1 Rg8 22.Rhg1 Raf8 23.Qd2 Nc7
24.Bxc5 dxc5 25.d6 Nxd6 26.Qxd6 Qxd6 27.Rxd6 Bc6 28.Rgd1 Rg7 29.Nd5 Bxd5
30.cxd5 Re7 31.h6 Kg8 32.Bh5 Kh8 33.Kb1 Kg8 34.f3 e4 35.fxe4 fxe4 36.Bg4 e3
37.Re1 Re5 38.Kc2 Rf2+ 39.Kc1 Kf8 40.Rd8+ Kf7 41.Rd7+ Re7 42.Bh5+ Kf6 43.Rd8 Re5
44.d6 Ne6 45.Re8 Rxh5 46.d7 Rd5 47.Rxe3 Rxd7 48.R8xe6+  1/2-1/2

[Event "9th Metropolitan Invitational"]
[Site "Los Angeles USA"]
[Date "2011.07.28"]
[Round "2"]
[White "Mateer,Amanda Rae"]
[Black "Matikozian,A"]
[Result "0-1"]
[WhiteElo "2096"]
[BlackElo "2451"]

1.d4 Nf6 2.c4 g6 3.Nc3 Bg7 4.e4 d6 5.Nf3 O-O 6.Be2 Na6 7.O-O e5 8.Be3 Ng4
9.Bg5 Qe8 10.dxe5 dxe5 11.h3 h6 12.Bd2 Nf6 13.Be3 Qe7 14.Qc1 Kh7 15.Nd2 c6
16.a3 Nc5 17.b4 Ne6 18.Nb3 Nd7 19.Rd1 f5 20.f3 Nf6 21.Ra2 f4 22.Bf2 g5 23.Rad2 h5
24.Qc2 Kh8 25.Na4 g4 26.hxg4 hxg4 27.fxg4 Qf7 28.Nac5 Ng5 29.Bh4 Qg6 30.Rd8 Bxg4
31.Rxa8 Rxa8 32.Bxg5 Qxg5 33.Rd3 Qh4 34.Qd1 Kg8 35.Nd2 b6 36.Nb7 Bf8 37.Nf3 Qh5
38.Rd8 Rxd8 39.Nxd8 Qe8 40.c5 bxc5 41.Qb3+ Kg7 42.Nxe5 c4 43.Qxc4 Bxe2 44.Ne6+ Kh6
45.Qxc6 Qe7 46.Nf3 Bxf3 47.gxf3 Qd6 48.Qc8 Qd1+ 49.Kg2 Qe2+ 50.Kg1 Qe1+ 51.Kg2 Qg3+
52.Kf1 Qxf3+ 53.Kg1 Qd1+ 54.Kg2 f3+ 55.Kg3 Bd6+  0-1

[Event "2nd ch-Vojvodina"]
[Site "Novi Sad SRB"]
[Date "2011.07.28"]
[Round "6.7"]
[White "Jovic,Ste"]
[Black "Mrkonjic,N"]
[Result "1/2-1/2"]
[WhiteElo "2273"]
[BlackElo "2381"]

1.d4 Nf6 2.c4 g6 3.Nc3 Bg7 4.e4 d6 5.Be2 O-O 6.Nf3 e5 7.O-O Qe8 8.d5 Na6
9.Ne1 Nc5 10.Bf3 a5 11.Nd3 Nfd7 12.Be3 Nxd3 13.Qxd3 f5 14.b3 f4 15.Bd2 g5
16.Nb5 Qg6 17.Qe2 Nf6 18.g4 Rf7 19.a3 Qh6 20.Kg2 Qh4 21.h3 Bf8 22.Rh1 b6
23.Qd3 Ne8 24.Be2 Be7 25.f3 Qh6 26.b4 axb4 27.axb4 Rxa1 28.Rxa1 Bd7 29.Nc3 Qg6
30.Be1 h5 31.Bf2 Rh7 32.Ra7 Bf8 33.Nb5 Bxb5 34.cxb5 hxg4 35.fxg4 Nf6  1/2-1/2

[Event "2nd ch-Vojvodina"]
[Site "Novi Sad SRB"]
[Date "2011.07.28"]
[Round "6.5"]
[White "Kislik,E"]
[Black "Smith,Bry"]
[Result "1/2-1/2"]
[WhiteElo "2328"]
[BlackElo "2503"]

1.d4 Nf6 2.c4 g6 3.Nc3 Bg7 4.e4 d6 5.Nf3 O-O 6.Be2 Nbd7 7.O-O e5 8.Re1 Re8
9.Bf1 exd4 10.Nxd4 c6 11.Rb1 Qc7 12.Bf4 Ne5 13.f3 a6 14.Qd2 b5 15.cxb5 axb5
16.b4 Bb7 17.Nb3 Rad8 18.Na5 Ba8 19.Rbc1  1/2-1/2

[Event "11th Condino Open"]
[Site "Condino ITA"]
[Date "2011.07.29"]
[Round "6"]
[White "Rubio Mejia,L"]
[Black "Poletti,F"]
[Result "1-0"]
[WhiteElo "2417"]
[BlackElo "1940"]

1.d4 Nf6 2.c4 g6 3.Nc3 Bg7 4.e4 d6 5.Nf3 O-O 6.Be2 Na6 7.O-O e5 8.d5 Ne8
9.Ne1 f5 10.exf5 gxf5 11.f4 Kh8 12.Be3 Qe7 13.Nd3 Nf6 14.Qd2 Nd7 15.Rae1 e4
16.Nf2 Ndc5 17.Nb5 b6 18.Nd4 Nb8 19.b4 Nb7 20.Kh1 a5 21.a3 Bd7 22.g4 fxg4
23.Bxg4 Bxg4 24.Nxg4 Nd8 25.f5 Nd7 26.Bg5 Nf6 27.b5 Rc8 28.Ne6 Nxe6 29.fxe6 Rce8
30.Qg2 Qd8 31.Qh3 Qe7 32.Qh4  1-0

[Event "2nd ch-Vojvodina"]
[Site "Novi Sad SRB"]
[Date "2011.07.29"]
[Round "8.2"]
[White "Indjic,A"]
[Black "Smith,Bry"]
[Result "0-1"]
[WhiteElo "2373"]
[BlackElo "2503"]

1.d4 Nf6 2.c4 g6 3.Nc3 Bg7 4.e4 d6 5.Nf3 O-O 6.Be2 e5 7.Be3 Nbd7 8.dxe5 dxe5
9.h3 c6 10.Qc2 Qe7 11.O-O Nh5 12.Rfd1 Nf4 13.Bf1 Ne6 14.Rab1 f5 15.b4 f4
16.Bc1 g5 17.c5 Kh8 18.Bc4 Nd4 19.Qd3 h5 20.Ne2 Nxf3+ 21.Qxf3 Nf6 22.Nc3 g4
23.Qd3 gxh3 24.Qd6 Qe8 25.f3 hxg2 26.Bb2 Bh3 27.Ne2 Nxe4 28.fxe4 f3 29.Kh2 f2
30.Kxh3 f1=Q 31.Rxf1 gxf1=Q+ 32.Rxf1 Rxf1 33.Ng3 Rd8 34.Qe6 Qxe6+ 35.Bxe6 Rf2
36.Bc1 Rd3 37.Bg5 Bf6 38.Bxf6+ Rxf6 39.Bf5 Rxf5  0-1

[Event "Sparkassen Open A"]
[Site "Dortmund GER"]
[Date "2011.07.30"]
[Round "8.3"]
[White "Sundorf,Jannik"]
[Black "Ciornei,D"]
[Result "1/2-1/2"]
[WhiteElo "2121"]
[BlackElo "2182"]

1.d4 Nf6 2.c4 g6 3.Nc3 Bg7 4.e4 O-O 5.Be2 d6 6.Nf3 Nbd7 7.O-O e5 8.Re1 c6
9.Bf1 Re8 10.Rb1 a5 11.h3 exd4 12.Nxd4 Nc5 13.Bd3 Nxd3 14.Qxd3 d5 15.cxd5 Nxd5
16.Rd1 Nxc3 17.bxc3 Qe7 18.f3 a4 19.Bf4 Ra6 20.c4 Qc5 21.Be3 Qe5 22.Bf2 h5
23.Qc2 Qg5 24.Qd2 Qe7 25.Qd3 Be5  1/2-1/2

[Event "Stara Pazova-Ilindan GM"]
[Site "Stara Pazova SRB"]
[Date "2011.07.31"]
[Round "1.1"]
[White "Mrkonjic,N"]
[Black "Ilincic,Z"]
[Result "1-0"]
[WhiteElo "2381"]
[BlackElo "2468"]

1.d4 Nf6 2.Nf3 g6 3.c4 Bg7 4.Nc3 O-O 5.e4 d6 6.Be2 e5 7.d5 Na6 8.Bg5 h6 9.Bh4 Qd7
10.Nd2 Nh7 11.a3 c5 12.Rb1 f5 13.f3 h5 14.Bd3 Bh6 15.Qe2 Nc7 16.h3 Ne8 17.Kd1 Ng7
18.Kc2 a6 19.Rbg1 Rb8 20.g4 fxg4 21.hxg4 hxg4 22.Rxg4 Qf7 23.Rgg1 Bf4 24.Bg3 Bxg3
25.Rxg3 Kh8 26.Qe3 Nh5 27.Rg2 Rg8 28.Bf1 Rg7 29.Rgh2 Bd7 30.Bh3 b5 31.b3 Be8
32.Bg4 Nf4 33.Ne2 Nxe2 34.Qxe2 a5 35.Be6 Qa7 36.Qe3 a4 37.Qg5 axb3+ 38.Kb2 Bf7
39.Rxh7+ Rxh7 40.Qf6+ Kg8 41.Rxh7 Kxh7 42.Bxf7  1-0

[Event "37th Badalona Open A"]
[Site "Badalona ESP"]
[Date "2011.08.01"]
[Round "1"]
[White "Iturrizaga,E"]
[Black "Roger,M"]
[Result "1-0"]
[WhiteElo "2603"]
[BlackElo "2201"]

1.Nf3 Nf6 2.c4 g6 3.Nc3 Bg7 4.e4 d6 5.d4 O-O 6.Be2 e5 7.Be3 exd4 8.Nxd4 Re8
9.Qc2 Ng4 10.Bxg4 Bxg4 11.f3 Be6 12.Nxe6 Rxe6 13.O-O-O c6 14.Kb1 Nd7 15.h4 Qa5
16.Ne2 Ne5 17.Nf4 Ree8 18.Rxd6 b5 19.cxb5 Rab8 20.b6 axb6 21.Nd3 Ra8 22.a3 Qb5
23.Nxe5 Bxe5 24.Rd3 c5 25.Rhd1 Qa6 26.Rd5 Bg7 27.h5 Rec8 28.h6 Bf8 29.Qc3 b5
30.Rd6 Qa4 31.Rd7  1-0

[Event "98th ch-GBR"]
[Site "Sheffield ENG"]
[Date "2011.08.01"]
[Round "7.9"]
[White "Gordon,S"]
[Black "Rudd,J"]
[Result "1-0"]
[WhiteElo "2533"]
[BlackElo "2278"]

1.d4 Nf6 2.c4 g6 3.Nc3 Bg7 4.e4 d6 5.Nf3 O-O 6.Be2 e5 7.Be3 Nc6 8.d5 Ne7
9.Nd2 Nd7 10.b4 f5 11.f3 Nf6 12.c5 f4 13.Bf2 g5 14.Nc4 Ne8 15.Rc1 Ng6 16.a4 Rf7
17.c6 b6 18.a5 h5 19.Ra1 Rb8 20.axb6 axb6 21.Qa4 g4 22.Qa7 gxf3 23.Qxb8 fxe2
24.Ra8 Qg5 25.Qxc8 f3 26.Qxe8+ Rf8 27.Ne3 fxg2 28.Qe6+ Kh7 29.Rg1 Rxa8 30.Rxg2 Ra1+
31.Kd2 Qh6 32.Qf5  1-0

[Event "Tabor Open"]
[Site "Tabor CZE"]
[Date "2011.08.01"]
[Round "3.20"]
[White "Lauko,M"]
[Black "Meszaros,Lu"]
[Result "0-1"]
[WhiteElo "1956"]
[BlackElo "2170"]

1.d4 Nf6 2.c4 g6 3.Nc3 Bg7 4.Nf3 O-O 5.e4 d6 6.Be2 Nbd7 7.O-O e5 8.d5 Nc5
9.Bg5 h6 10.Bxf6 Qxf6 11.b4 Nd7 12.a4 a5 13.Nb5 Qd8 14.bxa5 Rxa5 15.Qd2 b6
16.Qc2 Nc5 17.Nd2 f5 18.f3 Rf7 19.Nc3 Qg5 20.Nd1 Bd7 21.Nb3 Rxa4 22.Ra2 Rxa2
23.Qxa2 fxe4 24.Nxc5 exf3 25.Bxf3 bxc5 26.Qe2 Qh4 27.Nf2 h5 28.Be4 Bf5 29.g3 Qg5
30.Bg2 Bh6 31.Qb2 h4 32.Qb3 hxg3 33.hxg3 Qe3 34.Qb8+ Kg7 35.Kh2 Bg5 36.Nh3 Be7
37.Ra1 Qe2 38.Kg1 Bxh3 39.Bxh3 Qf2+ 40.Kh1 Qxg3 41.Be6 Rf8 42.Qxf8+ Bxf8
43.Rf1 Qh4+ 44.Kg2 Be7 45.Rf7+ Kh6 46.Kg1 Bf6 47.Kg2 e4 48.Rf8 e3 49.Bg4 Qxg4+
50.Kh1 e2 51.Re8 Qh3+  0-1

[Event "15th HZ Open"]
[Site "Vlissingen NED"]
[Date "2011.08.01"]
[Round "4"]
[White "Pavlovic,Milos"]
[Black "Leenhouts,K"]
[Result "1-0"]
[WhiteElo "2541"]
[BlackElo "2397"]

1.d4 Nf6 2.Nf3 g6 3.c4 Bg7 4.Nc3 O-O 5.e4 d6 6.Be2 e5 7.Be3 c6 8.d5 Ng4 9.Bg5 f6
10.Bh4 Nh6 11.Nd2 Na6 12.f3 Bd7 13.a3 Qe7 14.c5 dxc5 15.Qb3 b5 16.dxc6+ Be6
17.Qxb5 Nc7 18.Qa5 Rfb8 19.Nc4 Nf7 20.Rd1 Rd8 21.O-O Rd4 22.Rxd4 cxd4 23.Nb5 Nxb5
24.Qxb5 Qc7 25.Rc1 Rb8 26.Qa6 Nd8 27.Nd6 Rb6 28.Nb5 Rxc6 29.Nxc7 Rxc1+ 30.Be1 Rxc7
31.Ba5 Rc1+ 32.Kf2 Bh6 33.f4 Nc6 34.Bd2 Rc2 35.f5 Bxd2 36.fxe6 Be3+ 37.Kf3 Ne7
38.Qa4 Rc7 39.Qe8+ Kg7 40.Qf7+ Kh6 41.h4 g5 42.Qf8+ Kg6 43.Bb5 g4+ 44.Kxg4 h5+
45.Kf3 Kh7 46.Qf7+  1-0

[Event "15th HZ Open"]
[Site "Vlissingen NED"]
[Date "2011.08.01"]
[Round "4"]
[White "Koreman,Eric"]
[Black "Heltzel,J"]
[Result "0-1"]
[WhiteElo "2000"]
[BlackElo "2225"]

1.d4 Nf6 2.c4 g6 3.Nc3 Bg7 4.Nf3 O-O 5.e4 d6 6.Be2 Nbd7 7.O-O e5 8.dxe5 dxe5
9.Bg5 h6 10.Bxf6 Qxf6 11.Nd5 Qd8 12.b4 c6 13.Nc3 Qe7 14.Qb3 Re8 15.Rfd1 Nf8
16.Ne1 Ne6 17.Bf1 Nd4 18.Qb2 Bg4 19.Rd3 a5 20.bxa5 Rxa5 21.Rb1 Bc8 22.Nc2 Be6
23.Rd2 Nf3+  0-1

[Event "15th HZ Open"]
[Site "Vlissingen NED"]
[Date "2011.08.01"]
[Round "4"]
[White "Schuhmacher,J"]
[Black "Hoffman,Ro"]
[Result "1-0"]
[WhiteElo "1841"]
[BlackElo "2106"]

1.d4 Nf6 2.c4 g6 3.Nc3 Bg7 4.e4 d6 5.Nf3 O-O 6.Be2 e5 7.Be3 Ng4 8.Bg5 f6
9.Bc1 Nc6 10.d5 Ne7 11.h3 Nh6 12.h4 Nf7 13.h5 g5 14.Be3 h6 15.Nd2 f5 16.f3 c6
17.Bf2 b5 18.cxb5 cxd5 19.exd5 Bb7 20.Qb3 Rc8 21.Bxa7 Qa5 22.Bf2 e4 23.Nc4 Qa8
24.Nb6 Rxc3 25.Nxa8 Rxb3 26.axb3 Rxa8 27.Rxa8+ Bxa8 28.fxe4 fxe4 29.O-O Bxb2
30.Rb1 Bf6 31.Rc1 Bxd5 32.b6 Bb7 33.Rc7 Nd8 34.Rd7 Nf5 35.Bg4 e3 36.Be1 Nh4
37.Bxh4 gxh4 38.Rxd6 Bg5 39.Rd7 Ba6 40.Bf3 e2 41.Kf2 Be3+ 42.Ke1 Bxb6 43.Bxe2 Ba5+
44.Kf1 Bxe2+ 45.Kxe2 Ne6 46.Ke3 Nc5 47.Rd5 Nxb3 48.Rb5 Bd2+ 49.Kd3 Kf7 50.Rxb3 Bc1
51.Ke4 Kf6 52.Rb5 Bd2 53.Kf3 Bg5 54.Kg4 Ke6 55.Rb6+ Kf7 56.Kf5 Kf8 57.Kg6 Ke7
58.Kg7 Bf4 59.Rg6 Be3 60.Rg4 Bg5 61.Rxg5 hxg5 62.h6 g4 63.h7  1-0

[Event "ECT Open A"]
[Site "Borne NED"]
[Date "2011.08.02"]
[Round "2.5"]
[White "Klipper,N"]
[Black "Beukema,S"]
[Result "0-1"]
[WhiteElo "1913"]
[BlackElo "2209"]

1.c4 Nf6 2.Nc3 g6 3.d4 Bg7 4.e4 d6 5.Nf3 O-O 6.Be2 e5 7.dxe5 dxe5 8.Qxd8 Rxd8
9.Bg5 Re8 10.O-O-O c6 11.Nxe5 Nxe4 12.Nxe4 Bxe5 13.Nd6 Bxb2+ 14.Kd2 Re5 15.f4 Rxe2+
16.Kxe2 Bg4+ 17.Ke3 Bxd1 18.Rxd1 b6 19.Ne4 Na6 20.Rd7 h6 21.Bh4 Nb4 22.a4 c5
23.Nd6 Bc1+ 24.Kf3 Nc6 25.Nxf7 Bxf4 26.Kxf4 Rf8 27.Bg3 Rxf7+ 28.Rxf7 Kxf7
29.Ke4 Ke6 30.Bc7 Na5 31.Kd3 Kf5 32.Bb8 Nc6 33.Bd6 Ne5+ 34.Kc3 Ke4 35.a5 g5
36.axb6 axb6 37.Bc7 Nd7 38.h4 Ke3 39.hxg5 hxg5 40.g3 Nf6 41.Bxb6 Ne4+ 42.Kb3 g4
43.Ka4 Nc3+ 44.Kb3 Ne4 45.Ka4 Kd4 46.Kb5 Nc3+ 47.Kc6 Ne4 48.Kb5 Nc3+ 49.Kc6 Na4  0-1

[Event "ITT Ciudad de Villa Martelli"]
[Site "Villa Martelli ARG"]
[Date "2011.08.02"]
[Round "2"]
[White "Rego,V"]
[Black "Guerrero,Alv"]
[Result "0-1"]
[WhiteElo "2273"]
[BlackElo "2210"]

1.d4 Nf6 2.c4 g6 3.Nc3 Bg7 4.e4 d6 5.Be2 O-O 6.Nf3 e5 7.O-O Nbd7 8.Re1 Kh8
9.Bf1 c6 10.h3 Ng8 11.Be3 Qe7 12.Qd2 b6 13.Rad1 Rd8 14.b4 Bb7 15.a4 c5 16.bxc5 bxc5
17.dxe5 Nxe5 18.Nxe5 Bxe5 19.Nd5 Qd7 20.a5 Ne7 21.Bg5 Bxd5 22.exd5 Re8 23.Bd3 Bd4
24.Re4 Nf5 25.Qf4 f6 26.Rxd4 fxg5 27.Bxf5 Qg7 28.Qxd6 cxd4 29.Be6 Rad8 30.Qg3 Qf6
31.Re1 Kg7 32.Re4 d3  0-1

[Event "Pays de Charleroi Open"]
[Site "Charleroi BEL"]
[Date "2011.08.03"]
[Round "6.11"]
[White "Di Cosmo,J"]
[Black "Marlier,G"]
[Result "1-0"]
[WhiteElo "2073"]
[BlackElo "1954"]

1.d4 d6 2.Nf3 g6 3.c4 Bg7 4.Nc3 Nd7 5.e4 e5 6.Be2 Ngf6 7.O-O O-O 8.Re1 c6
9.Bf1 Re8 10.a3 a5 11.Be3 Ng4 12.Bg5 Bf6 13.Bxf6 Ngxf6 14.Qd2 Qc7 15.dxe5 dxe5
16.b4 Kg7 17.Qb2 axb4 18.axb4 Rxa1 19.Qxa1 Nf8 20.Na4 Bg4 21.Nd2 Ra8 22.c5 Be6
23.Re3 N8d7 24.Ra3 b5 25.cxb6 Nxb6 26.Nc5 Rxa3 27.Nxe6+ fxe6 28.Qxa3 Qd6
29.Qc3 Na4 30.Qd3 Qxb4 31.Nc4 Qc3 32.Qd8 Qb4 33.Nd6 Nxe4 34.Qe7+ Kh6 35.Nf7+  1-0

[Event "Politiken Cup"]
[Site "Helsingor DEN"]
[Date "2011.08.03"]
[Round "6.52"]
[White "Thingstad,E"]
[Black "Sorensen,D"]
[Result "1/2-1/2"]
[WhiteElo "2223"]
[BlackElo "1993"]

1.d4 Nf6 2.c4 g6 3.Nc3 Bg7 4.e4 d6 5.Nf3 O-O 6.Be2 Nbd7 7.O-O e5 8.Re1 exd4
9.Nxd4 Nc5 10.f3 a5 11.Be3 Be6 12.Qd2 Re8 13.Rad1 a4 14.Bf1 Qd7 15.Qf2 b6
16.Qh4 Qc8 17.Bg5 Nfd7 18.Nd5 Bxd5 19.cxd5 Ne5 20.Bb5 Ned3 21.Bf6 Nxe1 22.Nf5 Bxf6
23.Qxf6 gxf5 24.Qg5+ Kh8  1/2-1/2

[Event "Stilwerk Masters"]
[Site "Vienna AUT"]
[Date "2011.08.03"]
[Round "1"]
[White "Menezes,Chr"]
[Black "Ootes,La"]
[Result "0-1"]
[WhiteElo "2200"]
[BlackElo "2376"]

1.d4 g6 2.c4 Nf6 3.Nc3 Bg7 4.e4 d6 5.Nf3 O-O 6.Be2 Nbd7 7.O-O e5 8.Be3 Re8
9.d5 Nh5 10.g3 Bf8 11.Ne1 Ng7 12.Nd3 f5 13.f3 Be7 14.Qd2 Nf6 15.c5 fxe4 16.fxe4 Bh3
17.Rf2 h5 18.Bg5 Nh7 19.Bxe7 Qxe7 20.cxd6 cxd6 21.Bf1 Ng5 22.Bg2 Rf8 23.Raf1 Rxf2
24.Qxf2 Ne8 25.Qe3 Bd7 26.Nf2 Kg7 27.Rc1 Nf7 28.Ne2 Qd8 29.Qb3 Rb8 30.Qe3 Qa5
31.a3 Nf6 32.Qc3 Qa6 33.Qd2 Qb6 34.Nc3 Rf8 35.Nd1 Rc8 36.Rxc8 Bxc8 37.Qe3 Qa5
38.Qc3 Qd8 39.Ne3 Bd7 40.Qb3 Qc7 41.Qc2 Qa5 42.Qc1 Kf8 43.Nd3 Qb6 44.Nf2 Qd4
45.Nc2 Qc5 46.Qd2 Ke7 47.h4 Ng4 48.Bf3 Nfh6 49.b4 Qc4 50.Ne3 Qb3 51.Nexg4 Nxg4
52.Bxg4 Qxg3+ 53.Kf1 hxg4 54.Nd1  0-1